Geography Chain Pyramid Game #6 - Statistics

General Stats
  • This quiz has been taken 2,797 times
  • The average score is 10 of 15
Answer Stats
Hint Answer % Correct
1 Congo, _RC D
100%
2 Capital of the USA, Washington, _._. D.C.
99%
6 US state, former Russian territory Alaska
92%
5 Whose tear drop is Sri Lanka India
88%
4 African country whose capital is Bamako Mali
79%
7 Capital of African largest country Algiers
70%
9 The largest living species of tortoise and island name Galapagos
69%
10 Sea surrounded by China, Vietnam, and Philippines South China
66%
3 Cambridge's river Cam
63%
12 Collective name for three waterfalls on Canada and the US border Niagara Falls
61%
8 Unit of currency formerly used in the UK Shilling
52%
13 US state with crescent in flag South Carolina
50%
11 "The graveyard of empires" Afghanistan
49%
14 Archipelago shared by India and Myanmar Andaman Islands
16%
15 Russia, Serbia, Poland, Croatia, Ukraine... Slavic countries
16%
No matching quizzes found
Score Distribution
Percent of People with Each Score
Percentile by Number Answered
Your Score History
You have not taken this quiz